| 000 | 01193nam0a2200325 4500 | ||
|---|---|---|---|
| 001 | RU\NLR\BIBL_A\022647728 | ||
| 005 | 20260420055039.0 | ||
| 010 |
_a978-5-9973-7106-7 _950 |
||
| 021 |
_aRU _bКН-П-25-054372 _9КН-П-25-5247 |
||
| 035 | _a(NLR Aleph) 022647728 | ||
| 090 |
_a13685581 _c13685581 |
||
| 100 | _a20251020d2025 u y0rusy50 ca | ||
| 101 | 0 | _arus | |
| 102 | _aRU | ||
| 105 | _aac z 000ay | ||
| 181 | 0 |
_ai _baxxe |
|
| 182 | 0 | _an | |
| 200 | 1 |
_aБескоролевье _eроман-хроника _fВладимир Внук |
|
| 203 |
_aТекст _bвизуальный _cнепосредственный |
||
| 210 |
_aМосква _cСпутник+ _d2025 |
||
| 215 |
_a162 с. _cил., портр. _d21 |
||
| 300 | _aНа 3-й с. авт.: Внук В. К. – политолог, канд. полит. наук, доц. | ||
| 320 | _aДругие произведения авт. на 3-й с. | ||
| 686 | 2 | _aШ6(2=Р)8-442 | |
| 700 | 1 |
_aВнук _bВ. К. _f1969- _gВладимир Константинович |
|
| 942 | _cBOOK | ||
| 980 | _aNB | ||